[Event "Gibraltar Masters 2015"]
[Site "Caleta ENG"]
[Date "2015.01.28"]
[Round "2.86"]
[White "Green, Per"]
[Black "Barrenechea Bahamonde, Gustavo"]
[Result "0-1"]
[WhiteElo "1996"]
[BlackElo "2223"]
[WhiteFideId "1703811"]
[BlackFideId "2254425"]
[EventDate "2015.01.27"]

1. Nf3 c5 2. c4 g6 3. e4 Bg7 4. d4 cxd4 5. Nxd4 Nc6 6. Be3 Nf6 7. Nc3 O-O 8. Be2
b6 9. O-O Bb7 10. f3 e6 11. Nc2 d5 12. cxd5 exd5 13. exd5 Ne7 14. d6 Nf5 15. Bf2
Rc8 16. Bd3 Nxd6 17. Ne3 Nh5 18. Bc2 Nf4 19. Bb3 Ba6 20. Re1 Nd3 21. Re2 Nxb2
22. Rxb2 Bxc3 23. Rc2 Nb5 24. Rac1 Nd4 25. Nd5 Nxc2 26. Rxc2 Bg7 27. Rxc8 Bxc8
28. Bd4 Be6 29. Bxg7 Kxg7 30. Qa1+ f6 31. Nf4 Bxb3 32. axb3 Qe7 33. Qc1 Re8 34.
Kf2 g5 35. Nh5+ Kg6 36. Ng3 Qc5+ 37. Qxc5 bxc5 38. Ne4 Rb8 0-1

[Event "Gibraltar Masters 2015"]
[Site "Caleta ENG"]
[Date "2015.01.28"]
[Round "2.87"]
[White "Urbina Perez, Juan Antonio"]
[Black "Moradi, Kimia"]
[Result "1-0"]
[WhiteTitle "CM"]
[WhiteElo "2221"]
[BlackElo "1984"]
[WhiteFideId "2217368"]
[BlackFideId "12500100"]
[EventDate "2015.01.27"]

1. e4 e5 2. Nf3 Nc6 3. Bb5 a6 4. Ba4 Nge7 5. c3 g6 6. d4 exd4 7. cxd4 b5 8. Bc2
Bg7 9. O-O d5 10. Bg5 Be6 11. Re1 O-O 12. Nc3 Qd7 13. Rc1 Rae8 14. Bb3 f6 15.
exd5 Bxd5 16. Nxd5 Nxd5 17. Bf4 Rxe1+ 18. Qxe1 Kh8 19. Bxd5 Qxd5 20. Qc3 Nd8 21.
Bxc7 Ne6 22. Bg3 Rd8 23. h3 f5 24. Be5 Nxd4 25. Bxg7+ Kxg7 26. Rd1 1-0

[Event "Gibraltar Masters 2015"]
[Site "Caleta ENG"]
[Date "2015.01.28"]
[Round "2.88"]
[White "Odeh, Kenneth"]
[Black "Terron Elena, Francisco M."]
[Result "0-1"]
[BlackTitle "FM"]
[WhiteElo "1982"]
[BlackElo "2218"]
[WhiteFideId "8500142"]
[BlackFideId "2210576"]
[EventDate "2015.01.27"]

1. e4 c5 2. Nc3 Nc6 3. g3 g6 4. Bg2 Bg7 5. d3 d6 6. Nge2 h5 7. h4 Bg4 8. f3 Bd7
9. Be3 Nd4 10. Qd2 Qa5 11. O-O e6 12. Rab1 Rc8 13. Bf4 e5 14. Be3 Ne7 15. Bg5 f6
16. Be3 b5 17. Nc1 Be6 18. f4 Bg4 19. Nb3 Qb6 20. Qf2 O-O 21. Rbe1 a5 22. Nc1 b4
23. Na4 Qc7 24. c3 Qc6 25. Nxc5 dxc5 26. cxd4 cxd4 27. Bd2 Qc2 28. b3 Qb2 29.
Re2 Rc2 30. Bc3 Rxe2 31. Bxb2 Rxf2 32. Rxf2 Rc8 33. Kf1 Bh6 34. Ke1 Rc5 35. Bf1
Nc6 36. Be2 Bxe2 37. Nxe2 Rc2 38. Bc1 Rxa2 39. Kd1 a4 40. fxe5 Bxc1 41. Rxf6
axb3 42. Kxc1 Nxe5 43. Nf4 Nf3 44. Kd1 b2 0-1

[Event "Gibraltar Masters 2015"]
[Site "Caleta ENG"]
[Date "2015.01.28"]
[Round "2.89"]
[White "Al-Tamimi, Hamad"]
[Black "Ferreira, Oscar Luiz Vieira"]
[Result "1-0"]
[WhiteElo "2214"]
[BlackElo "1980"]
[WhiteFideId "12100285"]
[BlackFideId "2185970"]
[EventDate "2015.01.27"]

1. e4 g6 2. d4 Bg7 3. Nc3 d6 4. g3 a6 5. Bg2 Nc6 6. Be3 e5 7. Nge2 Nf6 8. h3
exd4 9. Nxd4 Nxd4 10. Bxd4 O-O 11. O-O Rb8 12. Re1 Be6 13. Qd2 Qd7 14. Kh2 h6
15. Rad1 Kh7 16. f4 Rfd8 17. g4 Bc4 18. a4 a5 19. b3 Ba6 20. g5 Ng8 21. Bxg7
Kxg7 22. Nd5 hxg5 23. fxg5 b6 24. Qc3+ Kh7 25. Qxc7 Qxc7 26. Nxc7 Bb7 27. Nb5 d5
28. exd5 Bc8 29. c4 Bf5 30. Nd4 Re8 31. Kg3 f6 32. h4 Kg7 33. Kf2 Kf7 34. Bf3
Rbd8 35. Nxf5 gxf5 36. Bh5+ 1-0

[Event "Gibraltar Masters 2015"]
[Site "Caleta ENG"]
[Date "2015.01.28"]
[Round "2.90"]
[White "Agbabishvili, Lali"]
[Black "Perez Garcia, Alejandro"]
[Result "0-1"]
[WhiteElo "1978"]
[BlackElo "2207"]
[WhiteFideId "2613433"]
[BlackFideId "32041543"]
[EventDate "2015.01.27"]

1. c4 e5 2. g3 d6 3. Bg2 f5 4. Nc3 Nf6 5. d3 Be7 6. e3 O-O 7. Nge2 Qe8 8. O-O c6
9. f4 Nbd7 10. Qd2 Bd8 11. b3 Bb6 12. Na4 Bc7 13. fxe5 Nxe5 14. d4 Nf7 15. Nac3
Ng5 16. d5 c5 17. Qd3 Rf7 18. Bd2 Re7 19. Rae1 Ba5 20. Nf4 Nfe4 21. Nxe4 fxe4
22. Qc2 Bxd2 23. Qxd2 Bg4 24. h3 Bf3 25. Qc2 Qd7 26. h4 Bxg2 27. Kxg2 Nf3 28.
Rxf3 exf3+ 29. Kxf3 Rf8 30. Re2 Qh3 31. Rh2 Rxe3+ 0-1

[Event "Gibraltar Masters 2015"]
[Site "Caleta ENG"]
[Date "2015.01.28"]
[Round "2.91"]
[White "Hoffmann, Hendrik"]
[Black "Klyszcz, Michael"]
[Result "1-0"]
[WhiteTitle "FM"]
[WhiteElo "2206"]
[BlackElo "1975"]
[WhiteFideId "4618130"]
[BlackFideId "4655168"]
[EventDate "2015.01.27"]

1. e4 d5 2. exd5 Qxd5 3. Nc3 Qa5 4. d4 Nf6 5. Bd2 c6 6. Bc4 Bf5 7. Nf3 Nbd7 8.
Qe2 e6 9. Ne5 Bb4 10. Nxd7 Nxd7 11. a3 Bxc3 12. Bxc3 Qc7 13. g4 Bg6 14. O-O-O
Qf4+ 15. Bd2 Qe4 16. Be3 Nb6 17. Bb3 Nd5 18. Rhe1 Nxe3 19. Qxe3 Qxg4 20. d5 cxd5
21. Rd4 Qf5 22. Rxd5 Qg4 23. Qc5 Qf4+ 24. Kb1 a6 25. Rd4 Qf5 26. Re5 Qh3 27. Ka2
Bf5 28. Qd6 Qg2 29. Ba4+ b5 30. Rxb5 1-0

[Event "Gibraltar Masters 2015"]
[Site "Caleta ENG"]
[Date "2015.01.28"]
[Round "2.92"]
[White "Othman, Mustapha"]
[Black "Dolzhikova, Olga"]
[Result "1/2-1/2"]
[BlackTitle "WGM"]
[WhiteElo "1968"]
[BlackElo "2194"]
[WhiteFideId "8500797"]
[BlackFideId "14105870"]
[EventDate "2015.01.27"]

1. e4 e5 2. Nf3 Nc6 3. Bc4 Be7 4. O-O Nf6 5. Re1 Nxe4 6. Bd5 Nf6 7. Bxc6 dxc6 8.
Nxe5 O-O 9. d4 Bd6 10. Qf3 Re8 11. Bg5 c5 12. c3 cxd4 13. cxd4 c5 14. Nd2 cxd4
15. Bxf6 Qxf6 16. Nec4 Rxe1+ 17. Rxe1 Bf8 18. Re8 Qxf3 19. Nxf3 b6 20. Nxd4 Bb7
21. Rxa8 Bxa8 22. Nb5 Bd5 23. b3 Bxc4 24. bxc4 a6 25. Nc7 Bd6 26. Nd5 Bc5 27. g4
Kf8 28. Kg2 Ke8 29. f4 Kd7 30. Kf3 Kc6 31. Ke4 Bg1 32. h4 Kc5 33. Nc7 Kxc4 34.
Nxa6 Kc3 35. Kd5 Kd3 36. Nb4+ Ke3 37. Ke5 Kf3 38. Kf5 Be3 39. Nd5 Bd4 40. h5 g6+
41. hxg6 hxg6+ 42. Kg5 Ke4 43. Ne7 Bc5 44. Ng8 Be3 45. Nf6+ Kd4 46. Nd7 Ke4 47.
Kf6 Kxf4 48. g5 Bc5 49. a4 Bd4+ 50. Kxf7 Kxg5 51. Nf8 Kf5 52. Nxg6 Bc5 53. Ne7+
Bxe7 54. Kxe7 Ke5 55. Kd7 Kd5 56. Kc7 Kc5 57. Kb7 Kb4 1/2-1/2

[Event "Gibraltar Masters 2015"]
[Site "Caleta ENG"]
[Date "2015.01.28"]
[Round "2.93"]
[White "Balogun, Oluwafemi"]
[Black "Spanton, Tim R"]
[Result "1-0"]
[WhiteTitle "CM"]
[WhiteElo "2193"]
[BlackElo "1963"]
[WhiteFideId "8501246"]
[BlackFideId "404802"]
[EventDate "2015.01.27"]

1. Nf3 Nc6 2. g3 e5 3. d3 d5 4. Bg2 Nf6 5. a3 Be7 6. O-O O-O 7. b4 a6 8. Bb2 Qd6
9. Nc3 d4 10. Ne4 Nxe4 11. dxe4 f5 12. exf5 Bxf5 13. Qd2 Rad8 14. Rad1 Bf6 15.
Qc1 Qe6 16. c3 h6 17. cxd4 exd4 18. Rfe1 Bg4 19. Qa1 Qf5 20. Qa2+ Kh8 21. Qb3
Rfe8 22. Rd3 Qb5 23. Qd1 Qb6 24. h3 Bh5 25. g4 Bg6 26. Rd2 Be4 27. Qa1 Rf8 28.
Qd1 Rfe8 29. Qb3 Bd5 30. Qc2 Be4 31. Qd1 Rf8 32. Nh2 Bxg2 33. Kxg2 a5 34. bxa5
Qxa5 35. Nf3 Qd5 36. e4 Qc5 37. Qb3 Na5 38. Qd3 Qc4 39. Rc1 Qxd3 40. Rxd3 Nc6
41. Rc5 Rfe8 42. Rb3 Rxe4 43. Rxb7 d3 44. Bxf6 d2 45. Nxd2 Rxd2 46. Rxc6 gxf6
47. Rxf6 Kg7 48. Rc6 1-0

[Event "Gibraltar Masters 2015"]
[Site "Caleta ENG"]
[Date "2015.01.28"]
[Round "2.94"]
[White "Boyer Censore, Giuseppe Enmanuel"]
[Black "Byron, Alan M"]
[Result "1/2-1/2"]
[WhiteElo "1960"]
[BlackElo "2188"]
[WhiteFideId "3909085"]
[BlackFideId "401773"]
[EventDate "2015.01.27"]

1. e4 c6 2. d4 d5 3. exd5 cxd5 4. c4 Nf6 5. Nc3 e6 6. Nf3 Bb4 7. Bd2 Nc6 8. c5
Ne4 9. Bd3 Nxd2 10. Qxd2 e5 11. Nxe5 Nxe5 12. Qe2 O-O 13. dxe5 d4 14. a3 Ba5 15.
b4 dxc3 16. bxa5 Qxa5 17. O-O Qxc5 18. Kh1 Be6 19. f4 Rac8 20. Qe4 g6 21. f5 Bc4
22. e6 Bxd3 23. Qxd3 fxe6 24. fxg6 Rxf1+ 25. Rxf1 Qe7 26. h3 Qg7 27. gxh7+ Kh8
28. Rc1 b6 29. Qe2 Qg5 30. Rc2 Qf5 31. Qd1 Qd5 32. Qf1 Qe5 33. Qd1 Qd5 34. Qf1
Qe5 35. Qd1 Rf8 36. Qd3 Qe1+ 37. Kh2 Qe5+ 38. Kh1 Qe1+ 39. Kh2 Qe5+ 40. Kh1 Rc8
41. Qd1 Qf6 42. Qd3 Rc5 43. Qg3 Kxh7 44. Rf2 Rf5 45. Rc2 Rc5 46. Rf2 Rf5 47. Rc2
Rc5 1/2-1/2

[Event "Gibraltar Masters 2015"]
[Site "Caleta ENG"]
[Date "2015.01.28"]
[Round "2.95"]
[White "Veltkamp, Gerben"]
[Black "Lobersli, Henrik Oie"]
[Result "1-0"]
[WhiteElo "2175"]
[BlackElo "1957"]
[WhiteFideId "4631307"]
[BlackFideId "1511947"]
[EventDate "2015.01.27"]

1. e4 e5 2. f4 exf4 3. Nc3 Qh4+ 4. Ke2 d6 5. Nf3 Qh5 6. Nd5 Na6 7. Kf2 c6 8.
Nxf4 Qa5 9. d4 Ne7 10. c3 Ng6 11. Bc4 Be7 12. Rf1 O-O 13. Nxg6 hxg6 14. Kg1 Nc7
15. e5 Be6 16. Bd3 Rad8 17. Qe1 dxe5 18. Nxe5 c5 19. Bf4 Bd6 20. Qh4 Ne8 21. Bg5
Bxe5 22. Bxd8 Bc7 23. Bxg6 1-0

[Event "Gibraltar Masters 2015"]
[Site "Caleta ENG"]
[Date "2015.01.28"]
[Round "2.96"]
[White "Godinho Marques, Pedro"]
[Black "Hellwig, Tobias"]
[Result "1-0"]
[WhiteElo "1950"]
[BlackElo "2172"]
[WhiteFideId "1928414"]
[BlackFideId "4695429"]
[EventDate "2015.01.27"]

1. c4 Nf6 2. Nc3 c6 3. d4 d5 4. cxd5 cxd5 5. Bf4 g6 6. h3 a6 7. e3 Bg7 8. Bd3
O-O 9. Nf3 Nc6 10. O-O Bf5 11. Bxf5 gxf5 12. Qb3 Na5 13. Qb4 Rc8 14. Nd2 b5 15.
a4 Nc6 16. Qb3 b4 17. Ne2 Qb6 18. Ng3 e6 19. Rfc1 Qb7 20. Qd1 Na5 21. Nh5 Nxh5
22. Qxh5 Nc4 23. Bh6 f6 24. Nxc4 dxc4 25. Bxg7 Kxg7 26. Qf3 Qxf3 27. gxf3 c3 28.
bxc3 Rxc3 29. Rxc3 bxc3 30. Kf1 Rb8 31. Rc1 Rb3 32. Rc2 Kg6 33. Ke2 Ra3 34. Kd3
Rxa4 35. Rxc3 Ra2 36. Rc2 Rxc2 37. Kxc2 e5 38. d5 e4 39. Kc3 Kf7 1-0

[Event "Gibraltar Masters 2015"]
[Site "Caleta ENG"]
[Date "2015.01.28"]
[Round "2.97"]
[White "Zimmermann, Rene"]
[Black "Tortolero, Cesar"]
[Result "1-0"]
[WhiteElo "2172"]
[BlackElo "1937"]
[WhiteFideId "24624349"]
[BlackFideId "3907368"]
[EventDate "2015.01.27"]

1. d4 e6 2. e4 c5 3. d5 exd5 4. exd5 Nf6 5. c4 d6 6. Nc3 g6 7. Bd3 Bg7 8. h3 O-O
9. Nf3 Re8+ 10. Be3 Nbd7 11. O-O a6 12. Qd2 Ne5 13. Nxe5 Rxe5 14. Bg5 Qf8 15. f4
Re8 16. f5 gxf5 17. Bxf5 Bxf5 18. Rxf5 Ne4 19. Nxe4 Rxe4 20. Raf1 Bd4+ 21. Kh1
Bg7 22. Qf2 Qe8 23. Rxf7 Re2 24. Qg3 Qe5 25. Bf4 1-0

[Event "Gibraltar Masters 2015"]
[Site "Caleta ENG"]
[Date "2015.01.28"]
[Round "2.98"]
[White "Whatley, Stephen A J"]
[Black "Heinemann, Josefine"]
[Result "1/2-1/2"]
[WhiteElo "1949"]
[BlackElo "2160"]
[WhiteFideId "420441"]
[BlackFideId "12900460"]
[EventDate "2015.01.27"]

1. d4 Nf6 2. Nf3 g6 3. Bg5 Bg7 4. Nbd2 d5 5. e3 O-O 6. c3 Nbd7 7. Be2 h6 8. Bh4
g5 9. Bg3 Nh5 10. Qc2 Nxg3 11. hxg3 f5 12. c4 c6 13. O-O-O b6 14. cxd5 c5 15.
Bc4 Qe8 16. Qb3 Rf6 17. d6+ e6 18. Ne5 Nxe5 19. dxe5 Rg6 20. Bb5 Bd7 21. Bxd7
Qxd7 22. f4 b5 23. e4 c4 24. Qf3 g4 25. Qe3 Rc8 26. exf5 exf5 27. Rhe1 b4 28.
Qd4 c3 29. Nb3 Kh7 30. Qxb4 cxb2+ 31. Kxb2 Qc6 32. Nd4 Qxg2+ 33. Re2 Qa8 34. Nb3
Rb8 35. Qa5 Qf3 36. Red2 Qxg3 37. d7 Qxf4 38. d8=Q Rxd8 39. Rxd8 g3 40. Re8 Qf3
41. Qd2 g2 42. Rg1 f4 43. Qc2 Qd5 44. Qf5 f3 45. Re7 Qc6 46. Rf7 Qb6 47. Rd7
Qxg1 48. Rxg7+ Kxg7 49. Qd7+ Kh8 50. Qd8+ Kh7 51. Qd7+ Rg7 52. Qf5+ Kg8 53. Qc8+ 1/2-1/2

[Event "Gibraltar Masters 2015"]
[Site "Caleta ENG"]
[Date "2015.01.28"]
[Round "2.99"]
[White "Heer, Stephan"]
[Black "Morais, Vitor"]
[Result "1-0"]
[WhiteElo "2157"]
[BlackElo "1934"]
[WhiteFideId "1302345"]
[BlackFideId "1900552"]
[EventDate "2015.01.27"]

1. d4 d5 2. c4 e6 3. Nc3 Nf6 4. Nf3 c6 5. Bg5 Nbd7 6. e3 Qa5 7. Nd2 Bb4 8. Qc2
dxc4 9. Bxf6 Nxf6 10. Nxc4 Qg5 11. a3 Be7 12. f4 Qh6 13. Bd3 O-O 14. O-O c5 15.
Rf3 g6 16. dxc5 Bxc5 17. b4 Be7 18. e4 Bd7 19. Raf1 Rac8 20. Qb3 Qg7 21. e5 Ne8
22. Be4 Rc7 23. Rd1 f5 24. Bb1 Bc6 25. Rg3 Kh8 26. Nd6 Qg8 27. Ndb5 Rd7 28. Rxd7
Bxd7 29. Nxa7 Ng7 30. Rd3 Rd8 31. Nab5 g5 32. fxg5 Bxg5 33. Nd6 Bc8 34. Qd1 Rf8
35. Qf3 b6 36. Ncb5 Ba6 37. Rc3 Bd8 38. Nc7 1-0

[Event "Gibraltar Masters 2015"]
[Site "Caleta ENG"]
[Date "2015.01.28"]
[Round "2.100"]
[White "Lochte, Szilvia"]
[Black "Krockenberger, Martin"]
[Result "0-1"]
[BlackTitle "FM"]
[WhiteElo "1934"]
[BlackElo "2152"]
[WhiteFideId "708410"]
[BlackFideId "4602552"]
[EventDate "2015.01.27"]

1. d4 Nf6 2. Nf3 g6 3. g3 Bg7 4. Bg2 O-O 5. O-O d6 6. c4 Nc6 7. Nc3 a6 8. h3 Rb8
9. a4 Bd7 10. e4 e5 11. d5 Ne7 12. Be3 Ne8 13. Qd2 f5 14. Bh6 f4 15. Bxg7 Kxg7
16. Kh2 Ng8 17. b4 Nh6 18. Ne2 Qf6 19. gxf4 exf4 20. Qd4 Qxd4 21. Nexd4 Nf7 22.
c5 Nf6 23. Rfe1 Rfe8 24. Nd2 Ne5 25. Ra3 Rbd8 26. N4f3 Nxf3+ 27. Nxf3 Rxe4 28.
Rxe4 Nxe4 29. Nd4 dxc5 0-1

[Event "Gibraltar Masters 2015"]
[Site "Caleta ENG"]
[Date "2015.01.28"]
[Round "2.101"]
[White "Schneider, German"]
[Black "Burke, Mitchell R"]
[Result "1-0"]
[WhiteElo "2150"]
[BlackElo "1928"]
[WhiteFideId "12975591"]
[BlackFideId "416231"]
[EventDate "2015.01.27"]

1. d4 Nf6 2. Bg5 Ne4 3. Bf4 d5 4. f3 Nf6 5. Nc3 e6 6. e4 Be7 7. Qd2 O-O 8. Nge2
c5 9. Nb5 Na6 10. Ng3 Qb6 11. e5 Ne8 12. c3 Bd7 13. a4 Nec7 14. Nxc7 Nxc7 15.
dxc5 Qxc5 16. b4 Qc6 17. b5 Qb6 18. a5 Qc5 19. Be3 d4 20. Bxd4 Qd5 21. c4 1-0

[Event "Gibraltar Masters 2015"]
[Site "Caleta ENG"]
[Date "2015.01.28"]
[Round "2.102"]
[White "Downey, Keith"]
[Black "Herman, Diego"]
[Result "0-1"]
[WhiteElo "1919"]
[BlackElo "2148"]
[WhiteFideId "10700250"]
[BlackFideId "104833"]
[EventDate "2015.01.27"]

1. Nf3 Nc6 2. d4 d6 3. e4 Nf6 4. Nc3 Bg4 5. Be2 e6 6. Ng1 Bxe2 7. Ngxe2 Be7 8.
O-O Qd7 9. a4 O-O 10. Ng3 Rad8 11. Be3 b6 12. Qe2 Rfe8 13. Rfd1 Qc8 14. f3 Nb4
15. a5 d5 16. axb6 axb6 17. e5 Nd7 18. Nb5 Nc6 19. f4 g6 20. c3 f5 21. b4 Qb7
22. Rd2 Ra8 23. Rda2 Nf8 24. Nf1 Rac8 25. Qb2 Kf7 26. Bd2 Red8 27. Ra4 h6 28.
Qa2 g5 29. Na7 Nxa7 30. Rxa7 Qc6 31. Qa6 Ng6 32. g3 Rg8 33. Kh1 g4 34. Ne3 h5
35. b5 Qe8 36. Rb1 h4 37. Kg1 hxg3 38. hxg3 Rh8 39. c4 Rh3 40. cxd5 Rxg3+ 41.
Ng2 Nh4 42. dxe6+ Kg6 43. Kf1 Rxg2 44. Be1 Rh2 45. Qb7 Nf3 0-1

[Event "Gibraltar Masters 2015"]
[Site "Caleta ENG"]
[Date "2015.01.28"]
[Round "2.103"]
[White "Seyfried, Claus"]
[Black "Gonzalez Espana, Maria Gabriela"]
[Result "1-0"]
[BlackTitle "WCM"]
[WhiteElo "2147"]
[BlackElo "1917"]
[WhiteFideId "1271085"]
[BlackFideId "22273417"]
[EventDate "2015.01.27"]

1. e4 c5 2. c3 d5 3. exd5 Qxd5 4. d4 Nf6 5. Nf3 Nc6 6. Be2 e6 7. Na3 Qd8 8. Nc2
Be7 9. O-O O-O 10. Bg5 Qb6 11. Qc1 Rd8 12. dxc5 Qxc5 13. b4 Qxc3 14. Bd2 Rxd2
15. Qxd2 Qxd2 16. Nxd2 Nxb4 17. Nxb4 Bxb4 18. Nc4 b6 19. Bf3 Rb8 20. Rfd1 Ba6
21. Ne5 Bc5 22. Nc6 Re8 23. Nxa7 e5 24. Bc6 Rb8 25. Rac1 e4 26. Rc2 Bd3 27. Rcd2
g6 28. Bb5 Bxb5 29. Nxb5 e3 30. Rd8+ Rxd8 31. Rxd8+ Kg7 32. fxe3 Bxe3+ 33. Kf1
Bc5 34. Ke2 h6 35. Nd6 g5 36. Kf3 Kg6 37. g4 h5 38. h3 hxg4+ 39. hxg4 Ba3 40.
Nc4 Bc5 41. a4 Kg7 42. Rb8 Nd5 43. a5 1-0

[Event "Gibraltar Masters 2015"]
[Site "Caleta ENG"]
[Date "2015.01.28"]
[Round "2.104"]
[White "Machlik, Edit"]
[Black "Varga, Klara"]
[Result "1/2-1/2"]
[BlackTitle "WIM"]
[WhiteElo "1913"]
[BlackElo "2145"]
[WhiteFideId "1513591"]
[BlackFideId "733210"]
[EventDate "2015.01.27"]

1. d4 e6 2. c4 Nf6 3. Nc3 Bb4 4. Qc2 d5 5. a3 Bxc3+ 6. Qxc3 Ne4 7. Qc2 c5 8.
dxc5 Na6 9. Nf3 Qa5+ 10. Nd2 O-O 11. e3 Bd7 12. Bd3 Naxc5 13. b4 Nxd3+ 14. Qxd3
Qc7 15. Nxe4 dxe4 16. Qc3 Rac8 17. Bb2 f6 18. Rc1 Rfd8 19. O-O Ba4 20. b5 a5 21.
bxa6 bxa6 22. Qb4 Qc6 23. Bd4 Rb8 24. Qa5 Rdc8 25. Rc3 Bb3 26. Ba7 Rb7 27. Rfc1
Ba2 28. R3c2 Bb1 29. Rd2 Bd3 30. Bd4 Qxc4 31. Rcd1 e5 32. Ba1 Rc5 33. Qd8+ Kf7
34. h3 Qe6 35. Rb2 Rxb2 36. Bxb2 Rc2 37. Bc1 Qf5 38. Bd2 Rc8 39. Qd5+ Kg6 40.
Rc1 Rxc1+ 41. Bxc1 Qh5 42. Qd7 Qe2 43. Qg4+ Qxg4 44. hxg4 Be2 45. Kh2 Bxg4 46.
Kg3 Bd1 47. Bb2 h5 48. Kh4 Kf5 49. Kh3 g5 50. Bc3 Bg4+ 51. Kg3 h4+ 52. Kh2 Be2
53. Ba5 Kg4 54. Bd8 f5 55. Bf6 f4 56. Bxe5 f3 57. Bd6 Bf1 58. g3 h3 59. Bc7 Bg2
60. Kg1 Kf5 61. g4+ Kxg4 62. Kh2 Kf5 63. Bd8 Bf1 64. Be7 g4 65. Bd6 Bb5 66. Bc7
Bd7 67. Bd8 Ke6 68. Bc7 Kd5 69. Bd8 Kc4 70. Be7 a5 71. Bd6 a4 72. Be7 Kd3 73.
Bh4 Kd2 74. Bg3 Ke2 75. Bh4 Kf1 1/2-1/2

[Event "Gibraltar Masters 2015"]
[Site "Caleta ENG"]
[Date "2015.01.28"]
[Round "2.105"]
[White "Tscharotschkin, Michael"]
[Black "Weishaeutel, Moritz"]
[Result "1-0"]
[WhiteElo "2144"]
[BlackElo "1905"]
[WhiteFideId "4619510"]
[BlackFideId "12967300"]
[EventDate "2015.01.27"]

1. d4 d5 2. c4 e6 3. cxd5 exd5 4. Nf3 Nf6 5. Nc3 Be7 6. Bg5 O-O 7. e3 Nbd7 8.
Bd3 Re8 9. O-O c6 10. Rc1 Nf8 11. Ne5 N8d7 12. f4 Nxe5 13. fxe5 Ng4 14. Bf4 Bg5
15. Qf3 Bxf4 16. Qxf4 Be6 17. Rf3 Qe7 18. Rg3 Qb4 19. Rb1 Kf8 20. Rxg4 Bxg4 21.
Qxg4 Rxe5 22. a3 Qb6 23. Na4 1-0

[Event "Gibraltar Masters 2015"]
[Site "Caleta ENG"]
[Date "2015.01.28"]
[Round "2.106"]
[White "Kim, Yongjoo"]
[Black "Bar, Aviv"]
[Result "1/2-1/2"]
[WhiteElo "1903"]
[BlackElo "2142"]
[WhiteFideId "13201352"]
[BlackFideId "2806339"]
[EventDate "2015.01.27"]

1. d4 d5 2. c4 c6 3. Nc3 Nf6 4. e3 Bf5 5. cxd5 cxd5 6. Qb3 Nc6 7. Qxb7 Bd7 8.
Qb3 Rb8 9. Qd1 e5 10. dxe5 Nxe5 11. Be2 Bd6 12. Nf3 O-O 13. O-O Qe7 14. Nxe5
Qxe5 15. f4 Qe6 16. Bf3 Bc6 17. Ne2 Rfc8 18. Nd4 Qd7 19. b3 Qe8 20. Qd3 Bd7 21.
Bb2 Ne4 22. Bxe4 dxe4 23. Qa6 Bc5 24. Rfc1 Rc7 25. Qa5 Rbc8 26. Qd2 Qe7 27. a3
Qd6 28. b4 Bb6 29. Rxc7 Rxc7 30. Rc1 f6 1/2-1/2

[Event "Gibraltar Masters 2015"]
[Site "Caleta ENG"]
[Date "2015.01.28"]
[Round "2.107"]
[White "Gravett, Alan D"]
[Black "Burrows, Martin P"]
[Result "0-1"]
[WhiteElo "1877"]
[BlackElo "2136"]
[WhiteFideId "406171"]
[BlackFideId "409057"]
[EventDate "2015.01.27"]

1. Nf3 Nf6 2. g3 g6 3. b4 Bg7 4. Bb2 O-O 5. Bg2 d6 6. c4 e5 7. d3 a5 8. a3 axb4
9. axb4 Rxa1 10. Bxa1 Nc6 11. b5 Ne7 12. O-O Nh5 13. e4 Bd7 14. Nc3 Qc8 15. Qc2
f5 16. Rb1 f4 17. Nd5 Nxd5 18. exd5 b6 19. Qe2 fxg3 20. fxg3 Bg4 21. Rf1 Qf5 22.
Qe3 Qd7 23. d4 exd4 24. Bxd4 Bxf3 25. Rxf3 Re8 26. Qf2 Bxd4 27. Qxd4 Qg7 28.
Qxg7+ Nxg7 29. Kf2 Ra8 30. Re3 Nf5 31. Rc3 Ra2+ 32. Kg1 Ra1+ 33. Kf2 Ra2+ 34.
Kg1 Kf7 35. Rf3 Ke7 36. Bh3 Nd4 37. Re3+ Kf6 38. Bg4 Rc2 39. Re4 Rxc4 40. Rf4+
Ke5 0-1

[Event "Gibraltar Masters 2015"]
[Site "Caleta ENG"]
[Date "2015.01.28"]
[Round "2.108"]
[White "Jurdao Perez, Marcos Ernesto"]
[Black "Klug, Christian"]
[Result "1/2-1/2"]
[WhiteElo "2131"]
[BlackElo "1884"]
[WhiteFideId "2231930"]
[BlackFideId "24621722"]
[EventDate "2015.01.27"]

1. d4 Nf6 2. Nf3 g6 3. Bf4 Bg7 4. Nbd2 d6 5. e4 c6 6. Bd3 Bg4 7. h3 Bxf3 8. Nxf3
Nbd7 9. c3 Qc7 10. O-O e5 11. Be3 O-O 12. Nd2 d5 13. Qc2 dxe4 14. Nxe4 Nd5 15.
Rae1 Nxe3 16. fxe3 Rae8 17. Qb3 Qb6 18. Bc4 Qxb3 19. Bxb3 Re7 20. Nd6 b6 21.
Rxf7 Rfxf7 22. Nxf7 exd4 23. Ne5+ Kh8 24. Nxd7 Rxd7 25. exd4 Bh6 26. Ba4 b5 27.
Bd1 b4 28. Bf3 bxc3 29. bxc3 Bd2 30. Re8+ Kg7 31. Bxc6 Rc7 32. d5 Bxc3 33. Kf1
Kf7 34. Re3 Bb4 35. Re4 a5 36. a4 Re7 37. Rf4+ Kg7 38. Rc4 Kf6 39. Kf2 h6 40. g4
g5 41. Kf3 Bd6 42. Ba8 Rc7 43. Bc6 Re7 44. Rc3 Bb4 45. Rc2 Bd6 46. Rc1 Ba3 47.
Rb1 Bb4 48. Rb3 Re5 49. Rd3 Bd6 50. Rc3 Re7 51. Kf2 Kg7 52. Rc1 Kf6 53. Rd1 Bc5+
54. Kf1 Bd6 55. Rd3 Re4 56. Kf2 Re7 57. Rf3+ Kg7 58. Rc3 Kf6 59. Rc2 Kg7 60. Rc1
Kf6 61. Rb1 Bc5+ 62. Kf1 Bb4 63. Rd1 Bd6 64. Rd3 Kg7 65. Kf2 Kf6 66. Rd1 Bc5+
67. Kg2 Bd6 68. Rf1+ Kg7 69. Rf2 Rf7 70. Rc2 Re7 71. Bb5 Rc7 72. Rd2 Re7 73. Bd3
Kf6 74. Bf5 Rb7 75. Re2 Re7 76. Be6 Rb7 77. Rf2+ Bf4 78. Bc8 Rc7 79. Be6 Rb7 80.
Re2 Be5 81. Rf2+ Bf4 82. Rc2 Bd6 83. Rc6 Ke5 84. Ra6 Rb2+ 85. Kf3 Bb4 86. Bf7
Rb3+ 87. Ke2 Rb2+ 88. Kd3 Rb3+ 89. Kc2 Rc3+ 90. Kb2 Rf3 1/2-1/2

[Event "Gibraltar Masters 2015"]
[Site "Caleta ENG"]
[Date "2015.01.28"]
[Round "2.109"]
[White "Curado, Manuel Joao Ferro"]
[Black "Kuhne, Detlev"]
[Result "0-1"]
[WhiteElo "1860"]
[BlackElo "2131"]
[WhiteFideId "1905112"]
[BlackFideId "4642872"]
[EventDate "2015.01.27"]

1. e4 Nf6 2. Nc3 d5 3. exd5 Nxd5 4. d4 g6 5. Bc4 Nb6 6. Bb3 Bg7 7. Be3 O-O 8.
Qd2 Nc6 9. Nge2 Na5 10. Bh6 Nac4 11. Qc1 e5 12. h4 exd4 13. Ne4 Re8 14. Bxg7
Kxg7 15. Qf4 Qe7 16. N4g3 c5 17. O-O-O Qe5 18. Qxe5+ Rxe5 19. Rhe1 Bg4 20. Bxc4
Nxc4 21. b3 Bxe2 22. bxc4 Rae8 0-1